[Event "Hasselbacken Open 2016"]
[Site "Stockholm SWE"]
[Date "2016.05.05"]
[Round "6.3"]
[White "Smirin, Ilia"]
[Black "Mareco, Sandro"]
[Result "1-0"]
[WhiteTitle "GM"]
[BlackTitle "GM"]
[WhiteElo "2665"]
[BlackElo "2625"]
[WhiteFideId "2801990"]
[BlackFideId "112275"]
[EventDate "2016.04.30"]

1. e4 c5 2. Nf3 d6 3. d4 cxd4 4. Nxd4 Nf6 5. Nc3 a6 6. Be3 e6 7. f3 b5 8. g4 h6
9. Qd2 b4 10. Na4 Nbd7 11. c4 bxc3 12. Nxc3 Bb7 13. O-O-O d5 14. exd5 Nxd5 15.
Nxd5 Bxd5 16. Kb1 Be7 17. h4 h5 18. Nf5 hxg4 19. Nxg7+ Kf8 20. Nf5 Bxf3 21. Nxe7
Bxh1 22. Bg5 Be4+ 23. Bd3 Nc5 24. Qc3 Rh5 25. Qxc5 Bxd3+ 26. Ka1 Rxg5 27. Nf5+
Kg8 28. Nh6+ Kg7 29. hxg5 Rc8 30. Qe3 Qd5 31. Qf4 Qf3 32. Qd4+ Kg6 33. Re1 g3
34. Ng4 Kxg5 35. Ne5 1-0

[Event "Hasselbacken Open 2016"]
[Site "Stockholm SWE"]
[Date "2016.05.05"]
[Round "6.4"]
[White "Landa, Konstantin"]
[Black "Adhiban, Baskaran"]
[Result "1/2-1/2"]
[WhiteTitle "GM"]
[BlackTitle "GM"]
[WhiteElo "2618"]
[BlackElo "2663"]
[WhiteFideId "4101685"]
[BlackFideId "5018471"]
[EventDate "2016.04.30"]

1. d4 Nf6 2. c4 g6 3. Nc3 Bg7 4. e4 d6 5. Nf3 O-O 6. Be2 e5 7. O-O Nc6 8. dxe5
Nxe5 9. Nxe5 dxe5 10. Qa4 c6 11. Be3 Be6 12. Rfd1 Qc7 13. b4 Nd7 14. c5 Rfe8 15.
Qc2 Bf8 16. a3 Rad8 17. Na4 Nf6 18. h3 Rxd1+ 19. Rxd1 Rd8 20. Rxd8 Qxd8 21. Nb2
Be7 22. Nc4 Nd7 23. Bg4 Bxc4 24. Qxc4 h5 25. Bd1 Nxc5 26. Bxh5 b5 27. Qc2 Ne6
28. Bg4 Nd4 29. Bxd4 Qxd4 30. Qxc6 Qa1+ 31. Kh2 Qxa3 32. Qxb5 Qxb4 33. Qxb4 Bxb4
34. Kg3 Kf8 35. Bd1 Ke7 36. Kf3 a5 37. Ke2 Bc5 1/2-1/2

[Event "Hasselbacken Open 2016"]
[Site "Stockholm SWE"]
[Date "2016.05.05"]
[Round "6.5"]
[White "Sevian, Samuel"]
[Black "Onischuk, Vladimir"]
[Result "1/2-1/2"]
[WhiteTitle "GM"]
[BlackTitle "GM"]
[WhiteElo "2589"]
[BlackElo "2620"]
[WhiteFideId "2040506"]
[BlackFideId "14114038"]
[EventDate "2016.04.30"]

1. e4 c6 2. d4 d5 3. Nd2 dxe4 4. Nxe4 Bf5 5. Ng3 Bg6 6. h4 h6 7. Nf3 Nd7 8. h5
Bh7 9. Bd3 Bxd3 10. Qxd3 e6 11. Bd2 Ngf6 12. O-O-O a5 13. Kb1 Bb4 14. Bc1 O-O
15. Ne4 Nxe4 16. Qxe4 Nf6 17. Qe2 Qd5 18. Ne5 Qe4 19. Qf1 a4 20. f3 Qh7 21. a3
Bd6 22. g4 Bxe5 23. dxe5 Nd5 24. g5 Kh8 25. Qe2 Qf5 26. gxh6 gxh6 27. Bxh6 Rg8
28. Rdg1 Qh7 29. Bd2 Rxg1+ 30. Rxg1 Rg8 31. Rxg8+ Qxg8 32. Ka2 b5 33. Qf2 Qh7
34. Qc5 Qxh5 35. Qxc6 Qh2 36. Bb4 Kg7 37. c4 bxc4 38. Qxc4 Qxe5 39. Qg4+ Kf6 40.
Bd2 Ne3 41. Qh4+ Kg6 42. Qd8 Qb5 43. Qg8+ Kf6 44. Qh8+ Kg6 45. Qg8+ Kf6 46. Bc3+
e5 47. Qh8+ Kg6 48. Qg8+ Kf6 49. Qh8+ Kg6 1/2-1/2

[Event "Hasselbacken Open 2016"]
[Site "Stockholm SWE"]
[Date "2016.05.05"]
[Round "6.6"]
[White "Mikhalevski, Victor"]
[Black "Postny, Evgeny"]
[Result "1-0"]
[WhiteTitle "GM"]
[BlackTitle "GM"]
[WhiteElo "2516"]
[BlackElo "2673"]
[WhiteFideId "2801914"]
[BlackFideId "2804344"]
[EventDate "2016.04.30"]

1. Nf3 d5 2. g3 c6 3. Bg2 Bg4 4. O-O Nd7 5. d3 Ngf6 6. h3 Bh5 7. c4 e6 8. cxd5
cxd5 9. g4 Bg6 10. Bf4 Nb6 11. Nc3 Bd6 12. Bxd6 Qxd6 13. Nb5 Qd8 14. Rc1 O-O 15.
Qb3 Ne8 16. Rc2 a6 17. Nc7 Nxc7 18. Qxb6 Nb5 19. Qxd8 Rfxd8 20. Rfc1 f6 21. Kf1
Kf8 22. a4 Nd6 23. Nd4 Ke7 24. Rc7+ Rd7 25. f4 Rd8 26. h4 Bf7 27. R7c5 Ne8 28.
b4 Kd6 29. Kf2 g6 30. Bh3 e5 31. fxe5+ fxe5 32. Nf3 Ng7 33. e4 Be6 34. Kg3 Rf8
35. Bg2 h6 36. a5 Bg8 37. Re1 Re7 38. d4 exd4 39. e5+ Kd7 40. Nxd4 Rc8 41. e6+
Nxe6 42. Rxd5+ Ke8 43. Rde5 Rc3+ 44. Kh2 Kd7 45. Bd5 Rh3+ 46. Kxh3 Nf4+ 47. Kg3
Rxe5 48. Rxe5 Nxd5 49. h5 Kd6 50. Re8 Bf7 51. Rf8 Ke7 52. Rb8 1-0

[Event "Hasselbacken Open 2016"]
[Site "Stockholm SWE"]
[Date "2016.05.05"]
[Round "6.7"]
[White "Tkachiev, Vladislav"]
[Black "Kjartansson, Gudmundur"]
[Result "1-0"]
[WhiteTitle "GM"]
[BlackTitle "IM"]
[WhiteElo "2660"]
[BlackElo "2457"]
[WhiteFideId "618438"]
[BlackFideId "2301318"]
[EventDate "2016.04.30"]

1. d4 d5 2. c4 e6 3. Nc3 c6 4. cxd5 exd5 5. Qc2 Bd6 6. Nf3 Ne7 7. e4 dxe4 8.
Nxe4 Bb4+ 9. Bd2 Bxd2+ 10. Qxd2 Bf5 11. Nc3 Nd7 12. Bc4 Nf6 13. O-O Qd6 14. Rfe1
O-O 15. Bb3 Rad8 16. h3 Ng6 17. Rad1 Qf4 18. Re3 Bc8 19. Qe1 Nh4 20. Ne5 Nf5 21.
Red3 Nd6 22. Ne2 Qh6 23. Qa5 Bf5 24. Nxf7 Nxf7 25. Qxf5 Nd5 26. Nc3 Ng5 27. Qe5
Kh8 28. Bxd5 cxd5 29. Rg3 Nf7 30. Qc7 Nd6 31. Rf3 Qe6 32. Rdd3 Nc4 33. Kh2 Nxb2
34. Rde3 Qc6 35. Rf7 Qxc7+ 36. Rxc7 Rxf2 37. Rxb7 Nc4 38. Ree7 Rg8 39. Rxa7 Rf5
40. Rad7 h5 41. Rxd5 Rxd5 42. Nxd5 Rd8 43. Nf4 Rxd4 44. Nxh5 Rd2 45. Nxg7 Rxa2
46. Nf5 Nd2 47. h4 Ra4 48. Rd7 Ra2 49. Re7 Ra4 50. Re2 Ne4 51. Kh3 Kh7 52. g3
Kg6 53. Nd6 Nc3 54. Re6+ Kh7 55. Re3 Nd5 56. Re4 Ra6 57. Nc4 Ra4 58. Nd2 Ra2 59.
Nf3 Ra3 60. Ne5 Rb3 61. Rd4 Nf6 62. Rd3 Rb4 63. Rf3 Kg7 64. Rf5 Rb3 65. Rf3 Rb4
66. Rc3 Ra4 67. Rc7+ Kg8 68. Rc4 Ra3 69. Rd4 Kh7 70. Kg2 Ra5 71. Ng4 Nh5 72. Rd3
Kg7 73. Ne3 Kf7 74. Kf3 Ra4 75. Rc3 Kg6 76. Rc6+ Kf7 77. Rc4 Ra3 78. g4 Ng7 79.
Rf4+ Kg6 80. Rc4 Ra6 81. Nd5 Ra3+ 82. Rc3 Ra7 1-0

[Event "Hasselbacken Open 2016"]
[Site "Stockholm SWE"]
[Date "2016.05.05"]
[Round "6.8"]
[White "Predojevic, Borki"]
[Black "Brunner, Nicolas"]
[Result "1-0"]
[WhiteTitle "GM"]
[BlackTitle "IM"]
[WhiteElo "2654"]
[BlackElo "2447"]
[WhiteFideId "930849"]
[BlackFideId "620246"]
[EventDate "2016.04.30"]

1. e4 c5 2. Nf3 d6 3. d4 cxd4 4. Nxd4 Nf6 5. Nc3 a6 6. h3 e5 7. Nde2 h5 8. g3
Be6 9. Bg2 b5 10. O-O Nbd7 11. Be3 Be7 12. b3 Rc8 13. f4 Nb6 14. Qd3 Qc7 15. a4
bxa4 16. Qxa6 Nfd7 17. Nb5 Qxc2 18. Rac1 Nb8 19. Qxb6 Qxe2 20. Rxc8+ Bxc8 21.
Nc7+ Kd7 22. Nd5 1-0

[Event "Hasselbacken Open 2016"]
[Site "Stockholm SWE"]
[Date "2016.05.05"]
[Round "6.9"]
[White "Akesson, Ralf"]
[Black "Vidit, Santosh Gujrathi"]
[Result "0-1"]
[WhiteTitle "GM"]
[BlackTitle "GM"]
[WhiteElo "2452"]
[BlackElo "2648"]
[WhiteFideId "1700120"]
[BlackFideId "5029465"]
[EventDate "2016.04.30"]

1. Nf3 g6 2. c4 Bg7 3. Nc3 c5 4. g3 Nc6 5. Bg2 d6 6. O-O e6 7. e3 Nge7 8. d4 O-O
9. d5 Na5 10. Nd2 Rb8 11. Rb1 exd5 12. Nxd5 b5 13. Nxe7+ Qxe7 14. cxb5 Rxb5 15.
Ne4 d5 16. Nc3 Bxc3 17. Qd3 Rb4 18. Qxc3 Bf5 19. Ra1 Nc6 20. Bxd5 Ne5 21. b3 Rd8
22. Bg2 Rd3 23. Qe1 Bh3 24. f3 Bxg2 25. Kxg2 g5 26. h3 h5 27. Ba3 Rb6 28. Qe2 g4
29. hxg4 hxg4 30. fxg4 Rbd6 31. Rad1 Qb7+ 32. e4 Qa6 33. Rxd3 Rxd3 34. Qb2 Qd6
35. Qc1 Rd2+ 36. Kg1 Qd4+ 37. Kh1 Qxe4+ 0-1

[Event "Hasselbacken Open 2016"]
[Site "Stockholm SWE"]
[Date "2016.05.05"]
[Round "6.10"]
[White "Sasikiran, Krishnan"]
[Black "Lindberg, Bo 1984"]
[Result "1-0"]
[WhiteTitle "GM"]
[BlackTitle "FM"]
[WhiteElo "2643"]
[BlackElo "2397"]
[WhiteFideId "5004985"]
[BlackFideId "1705997"]
[EventDate "2016.04.30"]

1. e4 e5 2. Nf3 Nc6 3. Bb5 a6 4. Ba4 Nf6 5. O-O Be7 6. Re1 b5 7. Bb3 d6 8. c3
O-O 9. h3 Nb8 10. d4 Nbd7 11. Nbd2 Bb7 12. Bc2 Re8 13. Nf1 Bf8 14. Ng3 g6 15. b3
Bg7 16. d5 Rc8 17. c4 Nb6 18. Rb1 c6 19. Bd2 Qc7 20. Bd3 Nbd7 21. Rc1 Qb8 22.
Bc2 Qa8 23. Bg5 bxc4 24. bxc4 cxd5 25. cxd5 Rc7 26. Rb1 Rec8 27. Ba4 Nc5 28. Rb6
Nfd7 29. Rxd6 Bf8 30. Bxd7 Nxd7 31. Rxd7 Rxd7 32. Nxe5 Rd6 33. Ng4 Bg7 34. Be7
Rb6 35. d6 Rd8 36. Bxd8 Qxd8 37. e5 h5 38. Nh2 Rb5 39. f4 Qb6+ 40. Kh1 Rb2 41.
Nf3 Rb5 42. Qd4 Qa5 43. Ne4 h4 44. Qc3 Qa4 45. d7 1-0

[Event "Hasselbacken Open 2016"]
[Site "Stockholm SWE"]
[Date "2016.05.05"]
[Round "6.11"]
[White "Bachmann, Axel"]
[Black "Lokander, Martin"]
[Result "1-0"]
[WhiteTitle "GM"]
[BlackTitle "FM"]
[WhiteElo "2621"]
[BlackElo "2348"]
[WhiteFideId "3700488"]
[BlackFideId "1709569"]
[EventDate "2016.04.30"]

1. c4 g6 2. Nc3 Nf6 3. Nf3 Bg7 4. e4 d6 5. d4 O-O 6. h3 e5 7. d5 Nh5 8. g3 Na6
9. Be2 f5 10. exf5 gxf5 11. Bg5 Nf6 12. Qc2 h6 13. Be3 Nb4 14. Qd2 f4 15. gxf4
Bf5 16. fxe5 Nc2+ 17. Kd1 Nxa1 18. exf6 Qxf6 19. Rg1 Rf7 20. Bxh6 Bg6 21. Kc1
Re8 22. Be3 c5 23. Ng5 Nc2 24. Nxf7 Nxe3 25. Nxd6 Qxd6 26. fxe3 Bh6 27. Bd3 1-0

[Event "Hasselbacken Open 2016"]
[Site "Stockholm SWE"]
[Date "2016.05.05"]
[Round "6.12"]
[White "Bok, Benjamin"]
[Black "Bellon Lopez, Juan Manuel"]
[Result "1-0"]
[WhiteTitle "GM"]
[BlackTitle "GM"]
[WhiteElo "2604"]
[BlackElo "2345"]
[WhiteFideId "1017063"]
[BlackFideId "2200031"]
[EventDate "2016.04.30"]

1. e4 c5 2. Nf3 e6 3. g3 Nc6 4. Bg2 d6 5. O-O e5 6. c3 Bg4 7. Na3 Qd7 8. Nc2
Nge7 9. d4 cxd4 10. cxd4 g6 11. d5 Nd8 12. Ne3 h5 13. Qb3 b6 14. Nc4 Bg7 15. Qa3
Nc8 16. Be3 Rb8 17. Rac1 Nb7 18. Ng5 Qe7 19. h3 Bd7 20. h4 Nd8 21. Nd2 f6 22.
Ngf3 Bb5 23. Rfe1 O-O 24. Bh3 f5 25. exf5 gxf5 26. Ng5 Qb7 27. Qb3 Bd7 28. Ne6
Bxe6 29. dxe6 Ne7 30. Bg5 d5 31. Qa3 Bf6 32. Bxf6 Rxf6 33. Rxe5 Ndc6 34. Ree1
Rbf8 35. f4 Rg6 36. Kh2 Nd4 37. Qd6 Nc8 38. Qe5 Qg7 39. e7 Nxe7 40. Qxe7 Rxg3
41. Qxg7+ Rxg7 42. Re5 1-0

[Event "Hasselbacken Open 2016"]
[Site "Stockholm SWE"]
[Date "2016.05.05"]
[Round "6.13"]
[White "Smith, Axel"]
[Black "Goganov, Aleksey"]
[Result "1/2-1/2"]
[WhiteTitle "IM"]
[BlackTitle "GM"]
[WhiteElo "2503"]
[BlackElo "2591"]
[WhiteFideId "1707930"]
[BlackFideId "24109959"]
[EventDate "2016.04.30"]

1. c4 c6 2. e4 d5 3. exd5 cxd5 4. d4 Nf6 5. Nc3 Nc6 6. Nf3 Bg4 7. Bg5 e6 8. cxd5
exd5 9. Qe2+ Be6 10. Bxf6 gxf6 11. Qc2 f5 12. Bb5 Rc8 13. Bxc6+ Rxc6 14. Ne5 Ra6
15. Qe2 Rb6 16. O-O Bg7 17. Na4 Rb4 18. Nc5 O-O 19. Rfd1 Bc8 20. a3 Rb6 21. f4
Rd6 22. Rac1 Re8 23. Qf2 f6 24. Nf3 b6 25. Nd3 Ba6 26. Nb4 Bc4 27. Re1 Rde6 28.
Rxe6 Rxe6 29. Re1 Qe8 30. Nc2 Rxe1+ 31. Qxe1 Qe4 32. Qxe4 fxe4 33. Nh4 Bb3 34.
Na1 Ba4 35. Nf5 Bf8 36. Ne3 Bc6 37. Kf2 h5 38. Nd1 Kf7 39. Nc3 f5 40. Nc2 Bg7
41. Ke3 1/2-1/2

[Event "Hasselbacken Open 2016"]
[Site "Stockholm SWE"]
[Date "2016.05.05"]
[Round "6.14"]
[White "Stark, Lars"]
[Black "Rozentalis, Eduardas"]
[Result "0-1"]
[WhiteTitle "IM"]
[BlackTitle "GM"]
[WhiteElo "2409"]
[BlackElo "2584"]
[WhiteFideId "4676386"]
[BlackFideId "12800023"]
[EventDate "2016.04.30"]

1. c4 b6 2. Nc3 Bb7 3. e4 e6 4. Nge2 Bb4 5. a3 Bxc3 6. Nxc3 Ne7 7. d4 d5 8. cxd5
exd5 9. e5 O-O 10. Bd3 c5 11. Qh5 Ng6 12. O-O Ba6 13. Rd1 cxd4 14. Bxa6 Nxa6 15.
Rxd4 Nc7 16. Be3 Re8 17. Rad1 Rxe5 18. Qh3 Qe8 19. Qf3 Rd8 20. Nxd5 Rdxd5 21.
Rxd5 Nh4 22. Rd8 Nxf3+ 23. gxf3 Kf8 24. Rxe8+ Kxe8 25. Bf4 Rd5 26. Rxd5 Nxd5 27.
Bb8 Kd7 28. Kf1 Ne7 29. Be5 g6 30. Ke2 Ke6 31. Bd4 Nc6 32. Bc3 b5 33. Ke3 Kd5
34. Kd3 a6 35. Bf6 Nb8 36. Bc3 Nd7 37. Bd4 Nf8 38. Be3 Ne6 39. Kc3 Nd8 40. Bd4
Nc6 41. Bg7 Ke6 42. Kd3 Kf5 43. Bc3 Kf4 44. Ke2 Kg5 45. Kd3 f5 46. Ke2 Kh4 47.
Kf1 Kh3 48. Kg1 Nd8 49. Be5 Ne6 50. Kf1 Ng5 0-1

[Event "Hasselbacken Open 2016"]
[Site "Stockholm SWE"]
[Date "2016.05.05"]
[Round "6.15"]
[White "Stefansson, Hannes"]
[Black "Lundvik, Jonas"]
[Result "1-0"]
[WhiteTitle "GM"]
[WhiteElo "2581"]
[BlackElo "2204"]
[WhiteFideId "2300087"]
[BlackFideId "1704567"]
[EventDate "2016.04.30"]

1. d4 Nf6 2. c4 e6 3. Nf3 d5 4. Nc3 Be7 5. Bf4 O-O 6. e3 c5 7. dxc5 Bxc5 8. Qc2
Nc6 9. Be2 Qe7 10. O-O h6 11. Rad1 Rd8 12. Bg3 a6 13. Bh4 dxc4 14. Ne4 Rxd1 15.
Rxd1 b5 16. b3 Bb7 17. Bxf6 gxf6 18. Rd7 Nb4 19. Rxe7 Bxe7 20. Qb1 f5 21. Nc3
Bf6 22. Nd4 cxb3 23. Qxb3 Nd5 24. Bf3 Rd8 25. Nce2 Rc8 26. Nxf5 Nc3 27. Bxb7
Nxe2+ 28. Kf1 Nc1 29. Qb1 Rc7 30. Nxh6+ Kg7 31. Ng4 1-0

[Event "Hasselbacken Open 2016"]
[Site "Stockholm SWE"]
[Date "2016.05.05"]
[Round "6.16"]
[White "Olund, Joar"]
[Black "Burmakin, Vladimir"]
[Result "1/2-1/2"]
[WhiteTitle "FM"]
[BlackTitle "GM"]
[WhiteElo "2339"]
[BlackElo "2554"]
[WhiteFideId "1714848"]
[BlackFideId "4105109"]
[EventDate "2016.04.30"]

1. d4 Nf6 2. Nf3 d5 3. c4 c6 4. cxd5 cxd5 5. Nc3 e6 6. Bf4 Bd6 7. Bxd6 Qxd6 8.
e3 Nbd7 9. Bd3 a6 10. a4 b6 11. O-O Bb7 12. Qb3 O-O 13. Rfc1 Rfc8 14. h3 h6 15.
Rc2 Rc6 16. Rac1 Rac8 17. Ne2 Rxc2 18. Rxc2 Rxc2 19. Qxc2 Ne8 20. Nc3 Qc7 21.
Na2 Qxc2 22. Bxc2 Nd6 23. b3 f6 24. Bd3 Kf7 25. Nb4 Nb8 26. Kf1 a5 27. Na2 Ba6
28. Ne1 e5 29. Nc3 Ke6 30. Bxa6 Nxa6 31. Nd3 Ne4 32. Nb1 Nb8 33. f3 Nd6 34. dxe5
fxe5 35. f4 Nd7 36. g4 Ne4 37. Ke2 Ndc5 38. Nxe5 Nxb3 39. Na3 Nc3+ 40. Kd3 Nxa4
41. Nb5 Nac5+ 42. Kc3 a4 43. Kb4 Nc1 44. Nc7+ Ke7 45. Nxd5+ Kd6 46. Nxb6 N5d3+
47. Nxd3 Nxd3+ 48. Kxa4 1/2-1/2

[Event "Hasselbacken Open 2016"]
[Site "Stockholm SWE"]
[Date "2016.05.05"]
[Round "6.17"]
[White "Van Foreest, Jorden"]
[Black "Ronneland, Daniel"]
[Result "1-0"]
[WhiteTitle "GM"]
[WhiteElo "2551"]
[BlackElo "2196"]
[WhiteFideId "1039784"]
[BlackFideId "1702130"]
[EventDate "2016.04.30"]

1. e4 e5 2. Nf3 Nc6 3. Bc4 Bc5 4. O-O d6 5. d3 Nf6 6. c3 O-O 7. h3 a6 8. Bb3 b5
9. Re1 h6 10. Nbd2 Re8 11. Nf1 d5 12. exd5 Nxd5 13. d4 Bf8 14. dxe5 Be6 15. Ng3
Nb6 16. Qc2 Nc4 17. Bf4 Qe7 18. Qe4 Qc5 19. Bc2 g6 20. b4 Qb6 21. Nh5 Bg7 22.
Nxg7 Kxg7 23. Bc1 N6xe5 24. Nxe5 Bf5 25. Bxh6+ Kxh6 26. Qf4+ Kg7 27. Bxf5 Nxe5
28. Rxe5 Qf6 29. Rae1 Rxe5 30. Rxe5 Rd8 31. Qg3 Rd1+ 32. Kh2 Rd2 33. f4 Rxa2 34.
Bg4 Qc6 35. f5 1-0

[Event "Hasselbacken Open 2016"]
[Site "Stockholm SWE"]
[Date "2016.05.05"]
[Round "6.18"]
[White "Malm Lindberg, Henrik"]
[Black "Urkedal, Frode"]
[Result "0-1"]
[BlackTitle "IM"]
[WhiteElo "2208"]
[BlackElo "2549"]
[WhiteFideId "1702599"]
[BlackFideId "1506102"]
[EventDate "2016.04.30"]

1. e4 e6 2. d4 d5 3. Nc3 Nf6 4. e5 Nfd7 5. Nf3 Be7 6. Bf4 a6 7. Qd2 c5 8. dxc5
Nxc5 9. O-O-O b5 10. h4 Nc6 11. Bd3 Rb8 12. Kb1 Bd7 13. h5 h6 14. Rhe1 Qb6 15.
Qe3 b4 16. Ne2 a5 17. Ned4 Nxd3 18. Qxd3 Na7 19. g4 a4 20. Qd2 b3 21. axb3 axb3
22. Nxb3 Bb4 23. c3 Ba3 24. Nfd4 Ba4 25. Be3 Bxb3 26. Nxb3 Qxb3 27. Bxa7 Bxb2
28. Qc2 Qa3 0-1

[Event "Hasselbacken Open 2016"]
[Site "Stockholm SWE"]
[Date "2016.05.05"]
[Round "6.19"]
[White "Thorn, Eric"]
[Black "Libiszewski, Fabien"]
[Result "1/2-1/2"]
[BlackTitle "GM"]
[WhiteElo "2204"]
[BlackElo "2520"]
[WhiteFideId "1710729"]
[BlackFideId "616834"]
[EventDate "2016.04.30"]

1. d4 Nf6 2. c4 g6 3. Nc3 Bg7 4. e4 d6 5. Nf3 O-O 6. Be2 Nbd7 7. O-O e5 8. Be3
Qe7 9. Qc2 c6 10. d5 c5 11. Ne1 Kh8 12. Nd3 Ng8 13. a3 f5 14. f3 Bh6 15. Bf2
Ndf6 16. b4 b6 17. a4 a5 18. bxc5 bxc5 19. Rab1 fxe4 20. fxe4 Ng4 21. Bxg4 Bxg4
22. Nb5 Nf6 23. Rbe1 Ne8 24. Qc3 Qg5 25. Bg3 Rxf1+ 26. Kxf1 Kg8 27. Nc1 Ng7 28.
Kg1 Qd8 29. Bf2 Nh5 30. Be3 Nf4 31. Bxf4 exf4 32. h3 Bh5 33. g4 fxg3 34. Qxg3
Qe7 35. Nxd6 Bg5 36. Rf1 Bh4 37. Nf5 Qg5 38. Qxg5 Bxg5 39. Ng3 Re8 40. Nd3 Be2
41. Nxe2 Rxe4 42. Ndf4 Rxc4 43. d6 Kf7 44. h4 Bxh4 45. Ng2+ Ke8 46. Nxh4 Rxh4
47. Nc3 Rc4 48. Rf3 Kd7 49. Nb5 Rxa4 50. Rf7+ Kc6 51. d7 Ra1+ 52. Kf2 Rd1 53.
Na7+ Kc7 54. d8=Q+ Kxd8 55. Nc6+ Ke8 56. Re7+ Kf8 57. Rxh7 a4 58. Ra7 Ra1 59.
Ne5 a3 60. Nd7+ Ke8 61. Nxc5 a2 62. Kg2 Rc1 63. Rxa2 Rxc5 64. Ra7 Kf8 65. Kg3
Rf5 66. Kg4 Rf7 67. Rxf7+ Kxf7 68. Kg5 Ke6 69. Kxg6 1/2-1/2

[Event "Hasselbacken Open 2016"]
[Site "Stockholm SWE"]
[Date "2016.05.05"]
[Round "6.20"]
[White "Ziegler, Ari"]
[Black "Shirov, Alexei"]
[Result "0-1"]
[WhiteTitle "IM"]
[BlackTitle "GM"]
[WhiteElo "2296"]
[BlackElo "2686"]
[WhiteFideId "1700987"]
[BlackFideId "2209390"]
[EventDate "2016.04.30"]

1. e4 c5 2. Nf3 Nc6 3. Bb5 e6 4. Bxc6 bxc6 5. d3 Ne7 6. h4 h5 7. Nc3 f6 8. Ne2
e5 9. Be3 Ng6 10. Nd2 d5 11. f3 Be7 12. Nf1 f5 13. g3 fxe4 14. fxe4 d4 15. Bg5
Bxg5 16. hxg5 Qxg5 17. Qd2 Qe7 18. O-O-O Be6 19. Qa5 c4 20. Nd2 cxd3 21. cxd3
Rb8 22. Kb1 O-O 23. Nc1 Rb5 24. Qa4 Rfb8 25. Ncb3 c5 26. Nc4 h4 27. gxh4 Nf4 28.
h5 Rb4 29. Qc6 Bxc4 30. dxc4 R4b6 31. Qa4 Qb7 32. Qa3 Ra6 33. Nxc5 Rxa3 34. Nxb7
Rxb7 0-1

[Event "Hasselbacken Open 2016"]
[Site "Stockholm SWE"]
[Date "2016.05.05"]
[Round "6.21"]
[White "Efroimski, Marsel"]
[Black "Donchenko, Alexander"]
[Result "1-0"]
[WhiteTitle "WIM"]
[BlackTitle "GM"]
[WhiteElo "2278"]
[BlackElo "2573"]
[WhiteFideId "2810964"]
[BlackFideId "24603295"]
[EventDate "2016.04.30"]

1. e4 c5 2. Nf3 d6 3. d4 cxd4 4. Nxd4 Nf6 5. Nc3 a6 6. Be2 e6 7. O-O Be7 8. f4
Qc7 9. Be3 O-O 10. Kh1 b5 11. a3 Bb7 12. Bd3 Nbd7 13. Qf3 Nc5 14. Rae1 Rad8 15.
Bg1 g6 16. Qh3 e5 17. Nb3 Nxd3 18. cxd3 Nh5 19. Rc1 Qb8 20. Na5 Ba8 21. Nd5 Bxd5
22. exd5 Nxf4 23. Qf3 Rde8 24. Rc6 Bd8 25. Rxa6 Bxa5 26. Rxa5 Qb7 27. g3 Nxd5
28. a4 e4 29. dxe4 Nc7 30. Ra7 Qc6 31. axb5 Nxb5 32. Rxf7 Rxf7 33. Qxf7+ Kh8 34.
Qf6+ Kg8 35. Qf7+ Kh8 36. Rf4 Qa8 37. Rh4 1-0

[Event "Hasselbacken Open 2016"]
[Site "Stockholm SWE"]
[Date "2016.05.05"]
[Round "6.22"]
[White "Vorobiov, Evgeny E."]
[Black "Backlund, Anders"]
[Result "1/2-1/2"]
[WhiteTitle "GM"]
[WhiteElo "2572"]
[BlackElo "2287"]
[WhiteFideId "4121341"]
[BlackFideId "1702718"]
[EventDate "2016.04.30"]

1. d4 e6 2. c4 Nf6 3. Nf3 Bb4+ 4. Nbd2 O-O 5. a3 Be7 6. e3 c5 7. dxc5 a5 8. b3
Na6 9. Bb2 Nxc5 10. Qc2 d6 11. Be2 e5 12. O-O Bg4 13. b4 Ncd7 14. Bd3 h6 15. Bf5
Bxf5 16. Qxf5 Qc8 17. Rac1 axb4 18. axb4 Nb6 19. Qb1 Qe6 20. c5 dxc5 21. bxc5
Nbd7 22. Nc4 Bxc5 23. Ncxe5 Nxe5 24. Bxe5 b6 25. h3 Rfd8 26. Rc2 Ra3 27. Qb2
Rda8 28. Bxf6 Qxf6 29. Qxf6 gxf6 30. g4 h5 31. gxh5 Kg7 32. Rd1 Ra1 33. Rxa1
Rxa1+ 34. Kg2 Kh6 35. Nd2 Kxh5 36. Ne4 Kg6 37. Nxc5 bxc5 38. Rxc5 Ra4 39. Kf3
Rh4 40. Kg3 Re4 41. Rc1 Ra4 42. Kf3 Rh4 43. Rg1+ Kf5 44. Rg3 Rh8 45. Kg2 Rh7 46.
Rg8 Ke5 47. Kg3 f5 48. h4 Rh6 49. Kh3 Rh7 50. Ra8 Kf6 51. Ra6+ Kg7 52. Kg3 Rh5
53. Ra4 Kg6 54. Kf3 Rh8 55. Ra6+ Kg7 56. Kg3 Rh5 57. f3 Rh8 58. Ra1 Kf6 59. Rh1
Rh5 60. Kf4 Ke6 61. Kg3 Kf6 62. Ra1 Rh8 63. Ra6+ Kg7 64. Kf4 Rxh4+ 65. Kxf5 Rh5+
66. Kg4 Rb5 67. e4 Rc5 68. f4 f5+ 69. exf5 Rc1 70. f6+ Kg6 71. f7+ Kxf7 72. Kg5
Rc5+ 73. f5 Rc7 74. Rh6 Rc1 75. Rh7+ Kg8 76. Re7 Kf8 77. Kf6 Rc6+ 78. Re6 Rc7
79. Ra6 Rf7+ 80. Kg5 Rg7+ 81. Rg6 Ra7 82. Kh6 Rf7 83. Rg5 Rf6+ 84. Kh5 Kf7 85.
Kg4 Rh6 86. Rh5 Rxh5 1/2-1/2

[Event "Hasselbacken Open 2016"]
[Site "Stockholm SWE"]
[Date "2016.05.05"]
[Round "6.23"]
[White "Geenen, Marc"]
[Black "Tari, Aryan"]
[Result "1/2-1/2"]
[WhiteTitle "FM"]
[BlackTitle "IM"]
[WhiteElo "2264"]
[BlackElo "2549"]
[WhiteFideId "200085"]
[BlackFideId "1510045"]
[EventDate "2016.04.30"]

1. e4 c5 2. Nf3 e6 3. d4 cxd4 4. Nxd4 Nc6 5. Nc3 Qc7 6. f4 a6 7. Be3 Nxd4 8.
Qxd4 b5 9. O-O-O Bb7 10. Bd3 Rc8 11. Kb1 Nf6 12. e5 Ng4 13. Ne4 Nxe3 14. Qxe3
Bd5 15. c3 Be7 16. Rhf1 Qa5 17. a3 Qa4 18. Nd6+ Bxd6 19. exd6 O-O 20. f5 exf5
21. Bxf5 Rfe8 22. Qh3 Be4+ 23. Ka1 Bxf5 24. Qxf5 Rf8 25. Qxd7 Rxc3 26. bxc3
Qxa3+ 27. Kb1 Qb3+ 28. Ka1 Qxc3+ 29. Kb1 Qb3+ 30. Ka1 Qa3+ 31. Kb1 Qb3+ 1/2-1/2

[Event "Hasselbacken Open 2016"]
[Site "Stockholm SWE"]
[Date "2016.05.05"]
[Round "6.24"]
[White "Greenfeld, Alon"]
[Black "Lindborg, Petter"]
[Result "1-0"]
[WhiteTitle "GM"]
[WhiteElo "2541"]
[BlackElo "2232"]
[WhiteFideId "2800039"]
[BlackFideId "1710338"]
[EventDate "2016.04.30"]

1. Nf3 f5 2. c4 Nf6 3. Nc3 e6 4. g3 Be7 5. Bg2 O-O 6. O-O d6 7. b4 e5 8. d3 Qe8
9. Bb2 Nc6 10. c5 Kh8 11. b5 Nd8 12. Rc1 Ne6 13. cxd6 Bxd6 14. e3 a6 15. a4 Bd7
16. bxa6 Rxa6 17. Nb5 Bxb5 18. axb5 Qxb5 19. Rb1 Qa5 20. Nh4 e4 21. Bxf6 Rxf6
22. dxe4 fxe4 23. Bxe4 b6 24. Bd3 Ra8 25. Rb5 Qa4 26. Qb1 Nf8 27. Nf5 Bc5 28.
Qb2 Qg4 29. Qe5 Ng6 30. Qxc7 Rxf5 31. Bxf5 Qxf5 32. Qxb6 Nh4 33. Qc6 Nf3+ 34.
Kg2 Rf8 35. Rxc5 Qg4 36. Rc4 Nh4+ 37. Kh1 Qh3 38. Rfc1 Nf5 39. Qg2 1-0